Retablo puertorriqueño / (Record no. 174406)

MARC details
000 -LEADER
campo de control de longitud fija 00535nam a2200169 4500
001 - NÚMERO DE CONTROL
campo de control 174406
003 - IDENTIFICADOR DE NÚMERO DE CONTROL
campo de control ES-MaACL
005 - FECHA Y HORA DE LA ÚLTIMA TRANSACCIÓN
campo de control 20230906215522.0
008 - DATOS DE LONGITUD FIJA--INFORMACIÓN GENERAL
campo de control de longitud fija 100415s1944 pr |||| | spa d
080 ## - NÚMERO DE LA CLASIFICACIÓN DECIMAL UNIVERSAL
Número de la Clasificación Decimal Universal 821.134.2(729.5)-3"19"
100 1# - ENTRADA PRINCIPAL--NOMBRE DE PERSONA
Nombre de persona Meléndez Muñoz, Miguel.
9 (RLIN) 79926
245 10 - MENCIÓN DEL TÍTULO
Título Retablo puertorriqueño /
Mención de responsabilidad, etc. Miguel Meléndez Muñoz.
250 ## - MENCION DE EDICION
Mención de edición 2ª ed. aum.
260 ## - PUBLICACIÓN, DISTRIBUCIÓN, ETC.
Lugar de publicación, distribución, etc. San Juan, Puerto Rico :
Nombre del editor, distribuidor, etc. Imp. Venezuela,
Fecha de publicación, distribución, etc. 1944.
300 ## - DESCRIPCIÓN FÍSICA
Extensión 211 p. ;
Dimensiones 19 cm.
852 4# - LOCALIZACIÓN
Ubicación BA
Número de control de estantería C-57163
Nota libre . - Donativo Ateneo Puertorriqueño
Holdings
Estatus retirado Estado de pérdida Estado de daño No para préstamo Biblioteca de origen Biblioteca actual Ubicación en estantería Fecha de adquisición Fuente de adquisición Total de préstamos Signatura topográfica completa Código de barras Visto por última vez Precio de reemplazo Tipo de ítem Koha
        Biblioteca del Ateneo de Madrid Biblioteca del Ateneo de Madrid Depósito 2 15/04/2010     C-57163 1183062 23/02/2023 23/02/2023 Libro impreso